Acronyms in the Stock Market 📈 - Statistics

General Stats
  • This quiz has been taken 315 times
  • The average score is 21 of 41
Answer Stats
Answer % Correct
New
99%
York
99%
Exchange
97%
Stock
96%
Securities
70%
Dow
66%
Poor's
66%
initial
65%
Jones
65%
offering
65%
Standard
65%
fund
64%
public
64%
traded
63%
earnings
60%
National
60%
over
60%
share
58%
counter
57%
Commission
54%
Industrial
50%
before
49%
price
49%
Average
48%
taxes
48%
interest
45%
investment
38%
depreciation
37%
real
35%
estate
34%
Generally
34%
Accounting
33%
Association
33%
trust
32%
Accepted
30%
amortization
30%
Principles
27%
growth
26%
Quotations
13%
Dealers
12%
Automated
11%
No matching quizzes found
Score Distribution
Percent of People with Each Score
Percentile by Number Answered
Your Score History
You have not taken this quiz